| 000 | 00440nam a2200157 i 4500 | ||
|---|---|---|---|
| 001 | 64944 | ||
| 003 | ES-MaACL | ||
| 005 | 20230906165249.0 | ||
| 007 | t| | ||
| 008 | 040107s1901 fr ||||1| fre d | ||
| 100 | 1 |
_aFournière, Eugène. _951997 |
|
| 245 | 1 | 0 |
_aEssai sur l'individualisme / _cpar Eugène Fournière. |
| 260 |
_aParís : _b[s.n., _c1901] ( _eChartres : _fDurand) |
||
| 300 |
_a188 p. ; _c18 cm. |
||
| 852 |
_aES-MaACL _jF-11977 |
||
| 999 |
_c64944 _d64944 |
||